|
|
|
|
| LEADER |
00000cam a2200000 i 4500 |
| 001 |
1/98335 |
| 008 |
081126s2005 gr | ||| |||| ||gre|| |
| 020 |
|
|
|a 9607803310
|
| 035 |
|
|
|l 10102055
|
| 040 |
|
|
|a GR-MyUA
|b gre
|e AACR2
|
| 041 |
0 |
|
|a gre
|
| 082 |
0 |
|
|a 327
|2 (22)
|
| 100 |
1 |
|
|a Κουσκουβέλης, Ηλίας Ι.
|
| 245 |
1 |
0 |
|a Εισαγωγή στις διεθνείς σχέσεις /
|c Ηλίας Κουσκουβέλης.
|
| 250 |
|
|
|a 3η έκδ.
|
| 260 |
|
|
|a Αθήνα :
|b Ποιότητα,
|c [2005].
|
| 300 |
|
|
|a 494 σ. ;
|c 21 εκ.
|
| 504 |
|
|
|a Βιβλιογραφία: σ. [473]-490. Ευρετήριο.
|
| 650 |
0 |
0 |
|a International relations.
|
| 650 |
0 |
0 |
|a Political science.
|
| 852 |
|
|
|a INST
|b LESVOS
|e 20181121
|h 327 ΚΟΥ
|p 005100060643
|q 005100060643
|t BK
|y 0
|
| 852 |
|
|
|a INST
|b RHODES
|e 20081126
|h 327 ΚΟΥ
|p 005400031430
|q 005400031430
|t BK
|y 0
|
| 852 |
|
|
|a INST
|b SAMOS
|e 20200113
|h 327 ΚΟΥ
|p 005300046230
|q 005300046230
|t BK
|y 0
|
| 901 |
|
|
|a BIBL4-2008-3
|
| 909 |
|
|
|a Ρ
|b 156444
|
| 970 |
|
|
|a ΚΟΖΑ
|b ΜΑΡΙΑ
|z 2008/11/26
|